000 00399nam a2200157 a 4500
005 20140414131904.0
008 100902s19uu xx 00 eng d
020 _a9780439691475
050 _aFIC
_bSti856 2006
100 _aStilton, Geronimo
245 _aValentine's day disaster.
260 _aNew York :
_bScholastic,
_c2006.
300 _a91
440 _aGeronimo Stilton
999 _c110816
_d110816